000 00327nam a2200097Ia 4500
008 220120s9999||||xx |||||||||||||| ||und||
100 _aBhavan K P and others
_912840
245 0 _aDesign and fabrication of solar powered (Hybrid) coffee che
260 _aCoorg Institute of Technology
_bPonnampet
_c2003
650 _aCOMPUTER SCIENCE
999 _c138440
_d138440